| 000 | 00582nam a2200217 i 4500 | ||
|---|---|---|---|
| 001 | 67812 | ||
| 003 | ES-MaACL | ||
| 007 | t| | ||
| 008 | 040206s1981 sp ||||1| spa d | ||
| 020 | _a8474571170 | ||
| 100 | 1 |
_aGallardo, José Carlos. _953484 |
|
| 245 | 1 | 0 |
_aAlfabeto incendiario / _cJosé Carlos Gallardo. |
| 250 | _a1ª ed. | ||
| 260 |
_aBarcelona : _bAnthropos, _c1981. |
||
| 300 |
_a82 p. ; _c19 cm. |
||
| 490 | 1 | _aAmbito literario | |
| 830 | 0 |
_aAmbito literario _9180628 |
|
| 852 |
_aES-MaACL _jL-9926 _bR.110837 _970331 |
||
| 942 | _2udc | ||
| 999 |
_c67812 _d67812 |
||